000 01166nam a2200265 a 4500
001 BRCA_7477
005 20190320205842.0
008 240413s2012----mx-a######---#000-0#spa-#
020 _a9786079527242
041 _aspa
044 _amx
050 4 _aF1386.4
_b.T64 2012
245 1 0 _aTohuehuetlalnantzin
_bantigua es nuestra querida tierra, historia e imágenes de Milpa Alta de la época prehispánica a la revolución
_ccoordinadores Mario Barbosa Cruz, María Eugenia Terrones López.
260 _aMéxico
_bDelegación Milpa Alta ; UAM, Unidad Cuajimalpa
_c2012
300 _a235 p.
_bil. (algunas a color)
_c25 cm.
500 _aIncluye siglas y catálogo general de imágenes
504 _aBibliografía: p. 211-217
650 1 4 _aCiudades y pueblos
_xHistoria
_zMilpa Alta (Ciudad de México)
_918402
650 1 4 _aIglesia católica
_xHistoria
_zMilpa Alta (Ciudad de México)
_918403
651 4 _aMilpa Alta (Ciudad de México)
_xHistoria
_918404
651 4 _aMilpa Alta (Ciudad de México)
_xVida social y costumbres
_918405
700 1 _aBarbosa Cruz, Mario
_ecoord.
_918406
700 1 _aTerrones López, María Eugenia
_ecoord.
_918407
942 _2lcc
_cB
999 _c7152
_d7152